Une lettre suffit pour répondre juste #1 (attention 8 lettres tuent) - Statistiques

Statistiques générales
  • Ce quiz a été pris 296 fois
  • Le résultat moyen est 5 sur 10
Statistiques - réponses
Hint Réponse % Correct
Donne une des 10 lettres de l'alphabet qui ne rapporte qu'un point au scrabble français A,E,I,L,N,O,R,S,T,U
100%
Donne une des 9 lettres qui compose le nom du pays qui a ce blason
SLOVAQUIE
99%
Donne une des 8 lettres qui compose le nom du département français de cette carte de densité de population MORBIHAN
90%
Donne une des 7 lettres qui compose le mot qui punit, récompense et désigne aussi un duo star de l’électro française JUSTICE
47%
Donne une des 6 lettres du nom de famille de l'homme qui se retire de la vie politique dans cet extrait
JOSPIN
44%
Donne une des 5 lettres qui compose le nom de ce mammifère marin
MORSE
44%
Donne une des 4 lettres du nom de famille du footballeur prénommé George qui marque dans cet extrait
BEST
38%
Donne une des 3 lettres du sigle de l'allocation française qui a été remplacé par le RSA RMI
33%
Donne une des 2 lettres qui compose le nom de la société ( _ _ Productions) qui a produit les séries TV Salut les Musclés, Premiers Baisers, Hélène et les Garçons, Le Miel et les Abeilles ou encore Les Filles d'à côté AB
27%
Donne la seule lettre qui correspond à cet extrait
H
21%
Aucun quiz correspondant
Distribution des résultats
% des personnes avec chaque résultat
Percentile par nombre de réponses
Votre historique - résultats
Vous n’avez pas pris ce quiz